000 00305nam a2200145Ia 4500
100 _aSchneier/Brucec
250 _a2
942 _cRB
654 _acryptography
245 _aApplied Cryptography:Protocols
260 _bJohn Wiley
_c1996
082 _a5.82
_bSCH
300 _a758
546 _aENGLISH
999 _c24196
_d24196